Quizzes
Events
Quiz Creation
Community
Videos
Private Events
Remove Ads
Sign In
Join for FREE
Feedback
Dark Mode
Quiz Categories
Sports
Geography
Music
Movies
Television
Just For Fun
Miscellaneous
History
Literature
Language
Science
Gaming
Entertainment
Religion
Holiday
For Kids
Quiz Lab
Recent
Popular Today
Quiz Kudos Today
Editor Picks
Curator Picks
Quizzes by...
Day
Popularity
Type
Ratings
Length
Year
Community
Subscriptions
Recent Discussions
Orange Saloon
Badges
Playlists
Quests
Create
Leaderboards
Showdown
Live 5
Trivia Bingo
Activity
Puzzle Library
Sporcle Events
Private Events
Virtual Trivia
Globe League
Become a Host
Pub Owners
SporcleCon
Opinionation
Our Games
Videos
Blog
Mobile Apps
Partnerships
Remove Ads and Go Orange
Feedback
Literature
Harry Potter
A Song of Ice and Fire
The Hunger Games
Literary Character
Shakespeare
Book
Author
Novel
Poem
Young Adult
Children's Books
Play
Lord of the Rings
Literature
Harry Potter
A Song of Ice and Fire
The Hunger Games
Literary Character
Shakespeare
Book
Author
Novel
Poem
Young Adult
Children's Books
Play
Lord of the Rings
Random Quiz
Search Sporcle
×
Quiz Lab
Quiz Lab
Literature
Clickable
Select answers by clicking on text or image buttons
Select answers by clicking on text or image buttons
Clickable
Best Score? Go Orange.
An Inspector Calls quotations Stats
Can you pick the An Inspector Calls quotations?
By
tmummery
10m
30 Questions
16K Plays
16,045 Plays
16,045 Plays
Comments
Comments
Give Quiz Kudos
Give Quiz Kudos
-
- Ratings
hide this ad
Forced Order
Answers have to be entered in order
Answers have to be entered in order
Replay
Link that replays current quiz
Next Quiz
Link to next quiz in quiz playlist
You Got
0%
They Got
Avg Score
67%
Avg Friend Score
Upgrade to see
Score Distribution
Jump to the score distribution portion of the page
Score
0/30
Timer
10:00
0
Plays Today
% Correct
'I've got to cover this up as soon as I can'
82.6%
“If you don’t come down hard on these people they’ll soon be asking for the earth!”
82.5%
“Each of you helped to kill her.”
82.1%
'And I tell you that the time will soon come when, if men will not learn that lesson, when they will be taught it in fire and blood and anguish.'
80.4%
“We are members of one body. We are responsible for each other.”
79.1%
‘a man has to mind his own business and look out for himself and his own.’
78.8%
‘she died in misery and agony’
76.3%
‘I was in that state when a chap easily turns nasty.’
73.9%
“There are a lot of young women living that sort of existence, Miss Birling, in every city and big town in this country.'
72.6%
‘community and all that nonsense’
72.5%
‘I felt rotten about it at the time and now I feel a lot worse.’
72.4%
‘But these girls aren’t cheap labour – they’re people.’
71.1%
'I threatened to make a row'
70.1%
‘I blame the young man. He ought to be dealt with very severely.’
69.7%
“I speak as a hard-headed business man.”
69.3%
% Correct
‘I didn’t feel about her as she felt about me.’
66.8%
“I suppose we’re all nice people now.”
66.6%
'I happened to look in one night... it's a favourite haunt of women of the town.'
65.7%
‘when you’re married, you’ll realise that men with important work to do sometimes have to spend all their time and energy on their business. You’ll have to get used to that
65.7%
“Girls of that class.”
64.3%
'Yes I think you were (justified). I know we'd have done the same thing. Don't look like that Sheila.'
64%
‘I did nothing I’m ashamed of.’
63.6%
‘he’s giving us rope so that we’ll hang ourselves.’
61.9%
‘She was claiming elaborate fine feelings and scruples that were simply absurd in a girl of her position.’
60.1%
'Everything's all right now Sheila. Now, what about this ring?'
58.2%
‘You killed her – and the child she’d have had too – my child’
55.2%
'We can keep it from him.'
53.6%
'I don't see much nonsense about it when a girl goes and kills herself. You lot may be letting yourselves out nicely, but I can't.'
45.8%
‘I hate to think how much he knows that we don’t know yet.’
44.7%
'You haven't made it any easier for me, have you mother?'
41.9%
Quiz Playlist
Details
Report
Send in Message
Add To Playlist
Clickable:
Select answers by clicking on text or image buttons
Forced Order:
Answers have to be entered in order
Last Updated: Feb 16, 2017
Quiz Scoreboard
CHALLENGE
Sign Up to Join the Scoreboard
Show All
Scores
Hide
Comments
May contain spoilers
Recently Published
1-10 Letter E Words III
by El_Dandy
Language
2m
One Thing in Common: World Cities II
by knightlancer
Geography
7m
Popular People in 1961
by mucciniale
History
6m
More to Explore
Quiz From the Vault
Featured Blog Post
Where Did the Easter Bunny Come From?
hide this ad
You Might Also Like...
Tags
Clickable Quiz
call
inspector
Quotation
Today's Top Quizzes in Literature
Browse Literature
hide this ad
Today's Top Quizzes in Clickable
Browse Clickable
Top Contributed Quizzes in Literature
1
Sneaky Slytherin Logic Puzzle
2
Get The Picture: Black or White Literature
3
One Thing in Common: Literature
4
Weasley Family Reunion: Logic Puzzle
5
Lily Potter Start to Finish
6
ASOIAF Logic Puzzle [Difficult] [Read Note first!!]
7
James Potter Start to Finish
8
One piece logic quiz 3 (Hard difficulty)
9
Dobby's Dilemma: Logic Puzzle
10
Keeper of the Lost Cities Logic Puzzle
Explore More
Trending Topics
Crossword
Disney
Anime
NBA
Marvel
Harry Potter
Kpop
Pokémon
WWE
Puzzle
NFL
Soccer
Country
The Office
Song
hide this ad
More By:
tmummery
Quiz
Plays
Rating
Category
Featured
Created
An Inspector Calls quotations
16,045
3.10
Literature
May 4, 2015
Reported Speech Gaps
6,209
4.75
Language
Nov 4, 2013
Of Mice and Men - Describing Characters
1,111
Literature
Sep 9, 2014
Past Tense of English Verbs
1,047
4.00
Language
Nov 5, 2015
50 Spanish Verbs
929
4.00
Language
Feb 4, 2014
Go to Creator's Profile
Score Distribution
Quiz Creator Spotlight
tmummery
Follow
Send a Message
Quizzes Created
-
Created Quiz Play Count
-
More By This Creator
Popular Quizzes Today
1
Find the US States - No Outlines Minefield
2
The Countries of the World
3
Popular People in 1961
4
Find the Countries of Europe - No Outlines Minefield
5
1-10 Letter E Words III
6
Find the US States
7
One Thing in Common: World Cities II
8
US States
More Literature Quizzes
Harry Potter: Rule Breaker
Published
Trending Quizzes
1-10 Letter F Words
One Thing in Common: Music
1-10 Letter G Words
Risky Map Clicking: Next State Alphabetically
1-10 Letter F Words II
Recently Updated
Leaping Animals
pecheneg
Reality TV Shows (A-Z)
bhenderson79
Rickey Henderson's Hall of Fame Teammates
pecheneg
Champions League XIs: Arsenal
pecheneg
Quick Pick: Celebrities in WWE's Hall of Fame
aduchscher
A-Z Keypad Blitz II
pecheneg
Multiple Oscar Actors
pecheneg
Mystery Phrase Blitz: Oscar 'Best Actors'
pecheneg
F. Scott Fitzgerald Novels
LTH
Pick 3 Villains
ddd62291
Trending Topics
Anime
NBA
Harry Potter
Marvel
Kpop
Disney
Crossword
Song
Puzzle
Country
NFL
Soccer
WWE
Pokémon
The Office
Your Account Isn't Verified!
In order to create a playlist on Sporcle, you need to verify the email address you used during registration. Go to your
Sporcle Settings
to finish the process.
Report this User
Report this user for behavior that violates our
Community Guidelines
.
Details:
Send Report
Go to the Sporcle.com Mobile Site →
Comments